00659nam a2200229 a 4500001001300000003000900013005001700022008004100039020001000080082001600090100001600106245004400122260004600166300000900212500003500221505001000256700001600266902000800282942000700290952011700297999001500414nice12345678IN_TiNIC20260116012410.0050524s1988 newa grp 000 0 eng  ac25000a954.91bBIN aBindra, S S aDeterminants of Pakistan Foreign Policy aNew DelhibDeep & Deep Publicationsc1988 a372p aincludes index and biblioraphy2 aindex1 aBindra, S S bSRS cBK 001040708StackRoom-aHMIbHMId2005-05-24g250.00l0o954.91 BINp013132r2005-05-24v250.00w2005-05-24yBK c6862d6862